Culture Générale - Série 1861 - Statistiques

Statistiques générales
  • Ce quiz a été pris 128 fois
  • Le résultat moyen est 4 sur 10
Statistiques - réponses
Question Réponse % Correct
Sur quel continent est située la république insulaire de Nauru, qui n'a pas de capitale officielle ? Océanie
77%
Quelle célèbre famille française compte quatre générations d'acteurs dont Pierre, Claude et Alexandre ? Brasseur
73%
Dans quelle ville française circule le métro appelé "Val" ? Lille
57%
Dans la mythologie égyptienne, quel est le dieu des nécropoles et de l'embaumement,représenté comme un homme à tête de chien ? Anubis
49%
et .... Pompée
36%
Quel outil permettant de nettoyer les plafonds est appelé "tête de loup" ? balai
34%
En 60 av. J.C, Jules César forma le premier Triumvirat avec .... Crassus
21%
Comment appelle-t-on le dernier étage d'une salle de théâtre, au-dessus des loges et des balcons (en dehors de "poulailler") ? voir photo paradis
10%
Quel est le titre du film réalisé en 1945 par Marcel Pagnol, avec comme acteurs Fernandel et Jacqueline Pagnol (dont le rôle est le titre du film) ? Naïs
4%
C'est le nom d'un instrument de musique chinois voisin du luth et d'un crapaud accoucheur pipa
0%
Aucun quiz correspondant
Distribution des résultats
% des personnes avec chaque résultat
Percentile par nombre de réponses
Votre historique - résultats
Vous n’avez pas pris ce quiz